000 01118nam a22002774a 4500
001 BIBLIOTECA MUNICIPAL DE BARRANCO
007 ta
008 t pe gr 00| 0 spa d
040 _aBIBLIOTECA MUNICIPAL DE BARRANCO
041 _aspa
043 _cpe
082 _2918.561
_bH96 2021.
100 _aHurtado Casas, José L., 1983-
245 _aSonqoykipi apakuway : welcome to the land of the incas = Sonqoykipi apakuway :
_bbienvenidos a la tierra de los incas /
_cJosé L. Hurtado Casas ; [traducción, Lucrecia Lund de Vela].
260 _aCusco :
_b[s.n.],
_c2021.
300 _a125 p.
_c23 cm.
500 _aTexto en español e inglés.
546 _aTexto en español, quechua e inglés.
650 0 _98220
_aTurismo-Perú-Cusco.
650 0 _98221
_aMonumentos históricos-Perú-Cusco.
650 0 _9125
_aMonumentos arqueológicos -- Perú -- Cusco
651 0 _98222
_aCusco (Perú : Departamento)-Descripciones y viajes.
651 0 _98223
_aCusco (Perú : Departamento)-Historia.
700 _98224
_aLund de Vela, Lucrecia, 1950-, traductor.
942 _cBK
_e2025-11-17
_zAAOH
999 _c11023
_d11023